| 000 | 00434nab a2200145Ia 4500 | ||
|---|---|---|---|
| 003 | ES-SlBCS | ||
| 005 | 20210601141853.0 | ||
| 008 | 140529s1977 xxu||||| |||| 00| 0 spa d | ||
| 041 | _aspa | ||
| 100 | 1 |
_aProkop, O. _9261939 |
|
| 245 | 0 | 0 |
_aFundamentos de la acupuntura como medio terapéutico _c O. Prokop |
| 650 | 0 | 4 |
_aAcupuntura _9261977 |
| 773 | 0 |
_tFolia Humanistica _gvol. 15, nº. 170, 1977, págs. 119-128 _wRev1220 |
|
| 942 | _cAR | ||
| 999 |
_c667701 _d667701 |
||